000 00325nam a2200133Ia 4500
008 100328s9999 xx 000 0 und d
082 _b172
100 _aGalsworthy John
245 _aThe Forstye Saga-II
260 _bWilliam Heinemann
630 _aThe Forstye Saga-II
730 _aThe Forstye Saga-II
942 _cBOOK
999 _c496551
_d496548